| 000 | 00741nam a2200253Ia 4500 | ||
|---|---|---|---|
| 003 | OSt | ||
| 005 | 20221005072329.0 | ||
| 006 | a|||||r|||| 00| 0 | ||
| 007 | ta | ||
| 008 | 221004b |||||||| |||| 00| 0 eng d | ||
| 020 |
_a8124604207 (hbk) _c100 |
||
| 024 | _a90019 | ||
| 037 |
_b19397, 18/03/2008, Motilal Banarsidass _cTextual |
||
| 040 |
_aCRL _cCRL _beng |
||
| 041 |
_2eng _aeng |
||
| 082 | _aQ.1, P7 | ||
| 100 | _aSharma Arvind | ||
| 245 | 0 | _aQuest for serenity in world religions | |
| 260 |
_aNew Delhi _bD.K. Printworld (P) Ltd. India _c2007 |
||
| 300 |
_avi, 78p. _ccm. |
||
| 650 | _aRELIGION | ||
| 942 |
_hQ.1, P7 _cTEXL _2cc |
||
| 999 |
_c979240 _d979240 |
||